000 01198nam0a22002891 4500
001 rc\2772398
005 20250806210735.0
035 _a(NLR Aleph) 006898754
090 _a15487
_c15487
100 _a20110915d1941 u y0rusy50 ca
101 0 _arus
102 _aRU
105 _aa z |||a|
200 1 _aИзбранные стихи
_fМахтумкули
_gПер. Марка Тарловского
_gПод ред. П. Г. Скосырева
_gТуркм. филиал Акад. наук СССР Ин-т истории, языка и литературы. Сектор литературы
210 _aАшхабад
_cТуркменгосиздат
_d1941
215 _a156 с., 1 л. фронт. (ил.)
_d15 см.
700 0 _aМахтумкули
_fок.1733-ок.1798
_3RU\NLR\AUTH\7774035
702 1 _aСкосырев
_bП. Г.
_4340
702 1 _aТарловский
_bМ. Н.
_f1941 -
_gМарк Наумович
_3RU\NLR\AUTH\7763557
_4730
801 0 _aRU
_bNLR
_gpsbo
801 1 _aRU
_bELAR
_2rusmarc
852 _aNLR
_jЛ40 Г-1/64
942 _cBOOK
945 _aРоссийская национальная библиотека
980 _aNB
980 _aBV